000 00338nam a2200133Ia 4500
008 240624s9999 xx 000 0 und d
041 _aeng
082 _a658.3 TYS
100 _aTYSON SHAUN
245 _aSTRATEGIC PERSPETIVE FOR HRM
260 _c2003
_aMumbai
_bJaico Publishing House
300 _ax, : 294 : p. : cm. ; 24
365 _cRS
999 _c1624
_d1624